Chile: nueva oportunidad para la democracia

Saved in:
Bibliographic Details
Main Author: Bucca Arancibia, Pedro
Format: Book
Language:Spanish
Published: Santiago, Chile Merchan 1989
Subjects:
Tags: Add Tag
No Tags, Be the first to tag this record!

MARC

LEADER 00000nam a2200000 a 4500
001 UCI5473
003 CL-VaPUC
005 20210819203122.0
008 080328e19890000CL |||||||||||||||||spa|d
999 |c 329212  |d 329210 
040 |c Pontificia Universidad Católica de Valparaíso 
082 0 4 |a 320.983 BUC 1989  |2 21 
100 0 |a Bucca Arancibia, Pedro  |9 527862 
245 1 0 |a Chile: nueva oportunidad para la democracia 
260 0 3 |a Santiago, Chile  |b Merchan  |c 1989 
300 |a 118 páginas 
583 |a last modification  |c 20080328 00:00:00  |k Rodrigo Vera 
650 0 |a Democracia  |9 255256 
650 0 |a Política y gobierno  |9 255151 
650 7 |a DEMOCRACIA CRISTIANA  |2 CL-VaPUC  |9 336874 
650 7 |a PARTIDOS MARXISTAS  |2 CL-VaPUC  |9 527863 
650 0 |a Unidad popular  |9 317409 
650 0 |a Elecciones presidenciales  |9 354283 
651 7 |a CHILE  |2 CL-VaPUC  |9 527864 
942 |c BK  |2 ddc 
945 |d 20080328 00:00:00  |a jtorresc 
952 |0 0  |1 0  |2 ddc  |4 0  |6 320_983000000000000_BUC_1989  |7 0  |8 A  |9 413581  |a BIBHIS  |b BIBHIS  |d 2019-11-22  |i 4416600  |o 320.983 BUC 1989  |p 4416600  |r 2025-01-20  |t 1  |w 2019-11-22  |y BK  |k HIS